000 00520nam a22001817a 4500
003 KOHA_MİRAKIL
005 20251209092130.0
008 251209b tu ||||| |||| 00| 0 tur d
020 _a9786051367873
040 _aTR-AnABB
_btur
_cTR-AnABB
041 _atur
082 _a491.2
_bTUR 2024
245 1 0 _aTürk Hindolojisi'nin kurucusu Prof. Dr. Walter Ruben'in makaleleri /
260 _aAnkara :
_bAnkara Üniversitesi Yayınları,
_c2024
300 _a465 ;
_c24 cm
650 0 4 _aHindoloji
942 _2ddc
_cBK
999 _c9720
_d9720
900 _bGizem YORULMAZ